| 000 | 00470nam a22001817a 4500 | ||
|---|---|---|---|
| 005 | 20231219012846.0 | ||
| 008 | 231219b |||||||| |||| 00| 0 eng d | ||
| 020 | _a0195639146. | ||
| 082 |
_222 _a305.4. _bVIJ. |
||
| 100 | _aRamaswamy vijaya. | ||
| 245 |
_aDivinity & Deviance. _bWomen in virasaivism. |
||
| 250 | _a1st. | ||
| 260 |
_aNew York. _bOxford university press. _c1996. |
||
| 300 | _axviii, 137 p. | ||
| 500 | _aGender studies. | ||
| 650 | _awomen | ||
| 942 | _cL | ||
| 999 |
_c179 _d179 |
||